000 00664nam a2200241Ia 4500
003 OSt
005 20220912151319.0
006 a|||||r|||| 00| 0
007 ta
008 220909b |||||||| |||| 00| 0 eng d
024 _a24633
037 _cTextual
040 _aCSL
_beng
_cCSL
041 _aeng
082 _aB280bsigma, M4
100 _aMeddis Ray
245 0 _aStattistics using ranks : A unified approach
260 _aNew York
_b Basil Blackwell
_c1984
300 _aix,449p.
_ccm.
500 _aAppendix 408-443p; Bibliography 444-446p
942 _hB280bsigma, M4
_cTEXL
_2CC
999 _c65823
_d65823